000 00587nam a2200181 i 4500
001 22903
003 ES-MaACL
005 20240521124633.0
007 t|
008 021205s1963 sp ||||1| spa d
100 1 _aAlvar, Manuel,
_d1923-2001
_920583
245 1 0 _aProyecto de un atlas lingüístico y etnográfico de Aragón /
_cManuel Alvar.
260 _aZaragoza :
_bInstitución Fernando el Católico,
_c1963.
300 _a88 p. ;
_c25 cm.
710 2 _aInstitución "Fernando el Católico"
_94721
852 _aES-MaACL
_jC-23799
_bR.52574
999 _c22903
_d22903